000
00275nam a22001097a 4500
082
_a
808 GRI'W
100
_a
WEBSTER, DAVID H,GRIGGS, IRWIN
_9
57897
245
_a
WRITER'S ADVISOR FOR FRESHMAN COMPOSITION
260
_a
NEWYORK
_b
AMERICAN
_c
1952
300
_a
242P
942
_c
BK
999
_c
568141
_d
568141